New species of emerald hummingbird (Trochilidade, Chlorostilbon) from the Sierra de Chiribiquete, Southeastern Colombia, with a review of the C. Mellisugus complex (Registro nro. 13616)
[ vista simple ]
| 000 -CABECERA | |
|---|---|
| Campo de control | 003960000a22001090004500 |
| 090 ## - CLASIFICACIÓN LOCAL | |
| Colección | AR |
| Consecutivo | 04517 |
| 041 0# - IDIOMA | |
| Código de idioma para texto/pista de sonido o título separado | |
| 100 1# - ASIENTO PRINCIPAL--NOMBRE PERSONAL | |
| Nombre personal | Stiles, F. Gary |
| 245 10 - MENCION DE TITULO | |
| Título | New species of emerald hummingbird (Trochilidade, Chlorostilbon) from the Sierra de Chiribiquete, Southeastern Colombia, with a review of the C. Mellisugus complex |
| 773 1# - Item fuente: | |
| Título | Wilson Bull. |
| Descripción física | 1 |
| Paginas del Articulo | 1-27 |
| Lugar, editorial y fecha de publicación | 1996 |
| Información sobre la relación | 108 |
| 942 ## - ELEMENTOS ADICIONALES (KOHA) | |
| Tipo de ítem | Artículo |
| Withdrawn status | Lost status | Damaged status | No para préstamo | Colección | Ubicación Permanente | Ubicación actual | Fecha de adquisición | Datos de publicación Seriada | Total Checkouts | Número topográfico | Inventario / Código de Barras | Date last seen | Ejemplar | Price effective from | Forma de adquisición | Tipo de material |
|---|---|---|---|---|---|---|---|---|---|---|---|---|---|---|---|---|
| No para Préstamo | Hemeroteca | Bogotá | Bogotá | 28/09/2009 | Fuera de circulación | AR 04517 | 027623 | 25/03/2015 | 1 | 25/03/2015 | Artículo |